Baisc genome analysis (Record no. 756541)

MARC details
000 -LEADER
fixed length control field 00309 a2200133 4500
020 ## - INTERNATIONAL STANDARD BOOK NUMBER
ISBN 9789384568092
084 ## - OTHER CLASSIFICATION NUMBER
Source of Number CC
Classification number G116
100 ## - MAIN ENTRY--AUTHOR NAME
Personal name VEENA KUMARI
245 ## - TITLE STATEMENT
Title Baisc genome analysis
260 ## - PUBLICATION, DISTRIBUTION, ETC. (IMPRINT)
Name of publisher Agrotech press,
Year of publication 2025,
Place of publication JAIPUR
300 ## - PHYSICAL DESCRIPTION
Number of Pages 252p.
942 ## - ADDED ENTRY ELEMENTS (KOHA)
Koha item type Book
Source of classification or shelving scheme Colon Classification
Holdings
Withdrawn status Lost status Source of classification or shelving scheme Damaged status Not for loan Home Library Current Location Shelving location Date acquired Source of acquisition Cost, normal purchase price Full call number Accession Number Cost, replacement price Price effective from Koha item type
    Colon Classification     Kerala University Library Kerala University Library General Stacks 25/02/2026 3 1421.25 G116 R5 326257 1895.00 25/02/2026 General